| 000 | 01004 a2200193 4500 | ||
|---|---|---|---|
| 001 | 53860 | ||
| 005 | 20260407155809.0 | ||
| 008 | 260407a1956 arg spa d | ||
| 003 | AR-UNSa-BCEJYS | ||
| 040 |
_aAR-UNSa-BCEJYS _bspa _cAR-UNSa-BCEJYS |
||
| 080 |
_a338.2(82) _xPolítica económica. Control de la economía. Gestión de la economía. Planificación económica en Argentina |
||
| 245 | 1 | 0 | _aCómo superar la crisis económica actual |
| 264 | 1 |
_aBuenos Aires : _bSelección Contable _c1956 |
|
| 300 |
_a182 p. _c20 cm. |
||
| 505 | _a1. Replanteo de la política económica - 2. Necesidad de una política de inversiones - 3. Ingreso, consumo e inversiones en la República Argentina - 4. Planteo general - 5. Medios específicos de la política de inversiones - 6. Sector público de las inversiones - 7. El ahorro social en la república Argentina - 8.Hacia una política argentina de inversiones | ||
| 942 | _cBK | ||
| 590 | _aniveau_biblio:m niveau_hierar:0 | ||
| 100 | 1 | _aAlemann, Roberto T. | |
| 999 |
_c5273 _d5273 |
||